| 000 | 00803nam a22002297a 4500 | ||
|---|---|---|---|
| 999 |
_c17639 _d17639 |
||
| 003 | AR-CdUCM | ||
| 008 | 190223b ||||| |||| 00| 0 spa d | ||
| 040 |
_aMUNICIPALIDAD PROVINCIAL DEL CUSCO _cBIBLIOTECA MUNICIPAL DEL CUSCO |
||
| 082 |
_23ed. _a869.508 / _bSA22 |
||
| 100 |
_aSánchez, Luis Alberto, _9401 |
||
| 245 | _aDon Manuel / | ||
| 260 |
_aSantiago de Chile : _bErcilla, _c1937. |
||
| 300 |
_a236 páginas ; _c19 cm. |
||
| 440 |
_aColección Contemporáneos _937775 |
||
| 505 | _aContenido : El señor gobernador intendente -- El seminario -- El químico -- Soledad querida -- Feroz y sanguinario mito... | ||
| 650 |
_aBiografía. _922 |
||
| 650 |
_aGonzalez Prada. _91483 |
||
| 650 |
_aBibliografía. _91484 |
||
| 650 |
_aPerú. _935 |
||
| 942 |
_2ddc _cLIBROS |
||
| 945 |
_awnts _d2019-05-09 |
||